Working North from Patagonia: Being the narrative of a journey, earned on the way, through southern and eastern South America. Illustrated with 176 unusual photographs by the author, with a map showing the route
محفوظ في:
| المؤلف الرئيسي: | |
|---|---|
| التنسيق: | كتاب |
| اللغة: | الإنجليزية |
| منشور في: |
Londres
T. Fisher Unwin, Ltd.
1921
|
| الطبعة: | 1a. ed |
| الموضوعات: | |
| الوسوم: |
إضافة وسم
لا توجد وسوم, كن أول من يضع وسما على هذه التسجيلة!
|
MARC
| LEADER | 00000nam a2200000 a 4500 | ||
|---|---|---|---|
| 001 | UCJ3754 | ||
| 003 | CL-VaPUC | ||
| 008 | 070124e19210000UK |||||||||||||||||eng|d | ||
| 082 | 0 | 4 | |a 910.4 |b FRA |2 21 |
| 100 | 0 | |a Franck, Harry A. |e author |9 506082 | |
| 245 | 1 | 0 | |a Working North from Patagonia: Being the narrative of a journey, earned on the way, through southern and eastern South America. Illustrated with 176 unusual photographs by the author, with a map showing the route |
| 250 | |a 1a. ed | ||
| 300 | |a 650 p | ||
| 942 | |c BK | ||
| 945 | |d 20070124 00:00:00 |a rinostro | ||
| 260 | |a Londres |b T. Fisher Unwin, Ltd. |c 1921 | ||
| 500 | |a Mapa de Sudamérica y numerosas fotografías | ||
| 650 | 0 | |a Viajes |9 257115 | |
| 650 | 0 | |a Cultura |9 269059 | |
| 650 | 0 | |a Recursos naturales |9 255232 | |
| 651 | 0 | |a Argentina |9 254888 | |
| 651 | 0 | |a Brasil |9 267393 | |
| 651 | 0 | |a Uruguay |9 255194 | |
| 651 | 0 | |a Venezuela |9 254993 | |
| 651 | 7 | |a CHILE |2 CL-VaPUC |9 506083 | |
| 583 | |a last modification |c 20070124 00:00:00 |k Rodrigo Vera | ||
| 999 | |c 319876 |d 319874 | ||
| 952 | |0 0 |1 0 |4 0 |6 910_400000000000000_FRA_1921 |7 0 |8 X |9 398276 |a FDOBUD |b FDOBUD |d 2019-11-22 |i 1007866 |o 910.4 FRA 1921 |p 1007866 |r 2019-11-22 |w 2019-11-22 |y BK_X |k BUD | ||